000 00648cam a2200229 a 4500
001 13662917
005 20180214040113.0
008 040722s2005 njua 001 0 eng
010 _a 2004017226
020 _a0130606200 (full book vol 1 & 2. casebound : alk. paper)
040 _aDLC
_cDLC
_dDLC
041 _aeng
042 _apcc
080 _a530 GIA
082 0 0 _a530 GIA
_222
100 1 _a43
101 _aFIZ
245 1 0 _aPhysics :
_cDouglas C. Giancoli.
906 _a7
_bcbc
_corignew
_d1
_eecip
_f20
_gy-gencatlg
942 _2ddc
_cBK
999 _c42470
_d42470